01057 a2200157 4500003000500000005001700005020001500022040000900037082001400046100001600060245003800076260002900114300001600143505072500159650001500884NUST20221123170243.0 a8129701332 cNust a519.5,SHA aSharma J. K aBusiness statistics /cJ.K Sharma aNew DelhibPearsonc2004 axvi 783:p.: aStatistics An Overview (Page-1), Data Classification Tabulation and Presentation (Page-27), Measure of Central Tendency (Page-86), Measures of Dispersion (Page-143), Skewness, Moments and Kurtosis (Page-184), Fundamental of Probability (Page-210), Probability Distributions (Page-251), Sampling and Sampling Distributions (Page-297), Estimation and Confidence Intervals (Page-322), Hypothesis Testing (Page-345), CHI-Square Test (Page-397), Analysis of Variance (Page-431), Correlation Analysis (Page-460), Regression (Page-497), Partial and Multiple Correlation (Page-532), Forecasting and Time Series (Page-557), Index Numbers (Page-618), Statistical Quality Control (Page-682), Statistical Decision Theory (Page-724). aStatistics